Livro

La economía de la agricultura

Na minha lista:
Detalhes bibliográficos
Autor principal: Capstick, Margaret
Formato: Livro
Idioma:espanhol
Publicado em: México, DF : Fondo de Cultura Económica, 1977
Assuntos:

MARC

LEADER 00000nam#a2200000#a#4500
001 007996
005 20160721144540.0
008 011114s1977####mx##################spa#d
040 |a AR-beUNQ 
099 |a 05-C138 
100 1 |a Capstick, Margaret 
245 0 3 |a La economía de la agricultura  |c Margaret Capstick. 
260 |a México, DF :  |b Fondo de Cultura Económica,  |c 1977 
300 |a 190 p. :   |b tablas 
650 7 |a ECONOMIA AGRICOLA  |2 Spines 
650 7 |a AGRICULTURA  |2 Spines 
650 7 |a PRODUCTOS AGRICOLAS  |2 Spines 
650 7 |a PRODUCCION AGRICOLA  |2 Spines 
650 7 |a PRECIOS AGRARIOS  |2 Spines 
651 7 |a ESTADOS UNIDOS  |2 Spines 
651 7 |a EUROPA  |2 Spines 
929 |a COMPRA  |b Cesar Peón  |d 8E  |e 20011114  |f Patrimonio  |j 30921 
942 |c LIB  |n 0 
999 |c 10565  |d 85952